000 03538nam a2200409Ka 4500
001 bslw06912687
003 UtOrBLW
005 20210303085231.0
006 m d
007 cr un|||||||||
008 110201s2010 enka o 000 0 eng d
020 _a9780857241504 (electronic bk.) :
_c£67.95 ; €97.95 ; $124.95
040 _aUtOrBLW
_cUtOrBLW
050 4 _aHB139
_b.M39 2010
072 7 _aKC
_2bicssc
072 7 _aKCH
_2bicssc
072 7 _aBUS021000
_2bisacsh
080 _a330.4
082 0 4 _a330.015195
_222
245 0 0 _aMaximum simulated likelihood methods and applications
_h[electronic resource] /
_cedited by William Greene, R. Carter Hill.
260 _aBingley, U.K. :
_bEmerald,
_c2010.
300 _a1 online resource (xiv, 356 p.) :
_bill.
490 1 _aAdvances in econometrics,
_x0731-9053 ;
_v26
505 0 _aIntroduction / William Greene -- MCMC perspectives on simulated likelihood estimation / Ivan Jeliazkov and Esther Hee Lee -- The panel probit model : adaptive integration on sparse grids / Florian Heiss -- A comparison of the maximum simulated likelihood and composite marginal likelihood estimation approaches in the context of the multivariate ordered response model / Chandra R. Bhat, Cristiano Varin, Nazneen Ferdous -- Pretest estimation in the random parameters logit model / Tong Zeng and R. Carter Hill -- Simulated maximum likelihood estimation of continuous time stochastic volatility models / Tore Selland Kleppe, Jun Yu, Hans J. Skaug -- Education savings accounts, parent contributions, and education attainment / Michael D. S. Morris -- Estimating the effect of exchange rate flexibility on financial account openness / Raul Razo-Garcia -- estimating a fractional response model with a count endogenous regressor and an application to female labor supply / Hoa B. Nguyen -- Alternative random effects panel gamma SML estimation with heterogeneity in random and one-sided error / Saleem Shaik and Ashok K. Mishra -- Modelling and forecasting volatility in a Bayesian approach / Esmail Amiri.
520 _aThe economics and statistics literature using computer simulation based methods has grown enormously over the past decades. Maximum Simulated Likelihood is a statistical tool useful for incorporating individual differences (called heterogeneity in the econometrics literature) and variations into a statistical analysis. Problems that can be intractable with traditional methods are solved using computer simulation integrated with classical methods. Instead of assuming that everyone responds to stimuli in the same way, allowances are made for the possibility that different decision makers will respond in different ways. The techniques can be applied to problems of individual choice, such as the choice of a transportation model, or choice among health care options, as well as to the problem of making financial and macroeconomic predictions. Contributors to the volume discuss alternative simulation methods that permit faster and more accurate inference, as well as applications of established methods.
588 0 _aPrint version record
650 7 _aBusiness & Economics
_xEconometrics.
_2bisacsh
650 7 _aEconomics.
_2bicssc
650 7 _aEconometrics.
_2bicssc
650 0 _aEconometrics.
700 1 _aGreene, William.
700 1 _aHill, R. Carter.
776 1 _z9780857241498
830 0 _aAdvances in econometrics ;
_v26.
856 4 0 _uhttps://www.emerald.com/insight/publication/doi/10.1108/S0731-9053(2010)26
913 _1BME2010
999 _c31288
_d31288